LEADER 01990nam2 2200493 450 001 000013323 005 20150302103715.0 010 $a0-674-99178-8$bAmerican ISBN 010 $a0-434-99161-9$bEnglish ISBN 100 $a20030515d1980----km-y0itay0103----ba 101 2 $agrc$aeng 102 $aUS$aGB 200 0 $a<> histories VI$fPolybius$gwith an English translation by W. R. Paton 210 $aCambridge, Massachusetts$cHarvard University Press$aLondon$c<> Heinemann$d1980 215 $aV, 467 p.$d17 cm. 225 2 $a<> Loeb classical library 300 $aTraduzione inglese con testo greco a fronte 410 0$12001$a<> Loeb classical library 461 1$1001000013311$12001$a<> histories / Polybius$vvol. 6 500 11$aHistoriae / Polybius$912949 676 $a937$v(22. ed.)$9Storia della penisola italiana e territori limitrofi, fino al 476 700 0$aPolybius$f<205/03-ca. 120 a.C.>$0194056 702 1$aPaton,$bWilliam Roger 801 0$aIT$bUniversità della Basilicata - B.I.A.$gREICAT$2unimarc 912 $a000013323 996 $aHistoriae$912949 997 $aUNIBAS CAT $aSTD022$b01$c20030515$lBAS01$h1137 CAT $aSTD022$b01$c20030515$lBAS01$h1210 CAT $aSTD022$b01$c20030522$lBAS01$h1026 CAT $c20050601$lBAS01$h1755 CAT $abatch$b01$c20050718$lBAS01$h1051 CAT $c20050718$lBAS01$h1111 CAT $c20050718$lBAS01$h1141 CAT $c20050718$lBAS01$h1155 CAT $aEXT013$b01$c20140901$lBAS01$h1114 CAT $aEXT013$b01$c20140902$lBAS01$h1041 CAT $aEXT013$b01$c20140902$lBAS01$h1120 CAT $aEXT013$b01$c20140929$lBAS01$h1048 CAT $aEXT013$b01$c20141124$lBAS01$h1041 CAT $aEXT013$b01$c20150302$lBAS01$h1037 CAT $aMDL$b30$c20180111$lBAS01$h1056 FMT Z30 -1$lBAS01$LBAS01$mBOOK$1BASA1$APolo Storico-Umanistico$2GEN$BCollezione generale$3Class/1105$614757$5L14757$820030515$f02$FPrestabile Generale LEADER 01314nam 2200349 450 001 9910493736103321 005 20230508213246.0 035 $a(CKB)5590000000537461 035 $a(NjHacI)995590000000537461 035 $a(EXLCZ)995590000000537461 100 $a20230508d2021 uy 0 101 0 $aeng 135 $aur||||||||||| 181 $ctxt$2rdacontent 182 $cc$2rdamedia 183 $acr$2rdacarrier 200 10$aPowers of Protection /$fGergely Hidas 210 1$aBerlin ;$aBoston :$cDe Gruyter,$d2021. 215 $a1 online resource (418 pages) 311 $a3-11-071346-2 330 $aThis volume explores the most extensive tradition of Buddhist dharani literature and provides access to the earliest available materials for the first time. The Dha?ran?i?sam?graha collections have been present in South Asia, and especially in Nepal, for more than eight hundred years and served to supply protection, merit and auspiciousness for those who commissioned their compilation. 517 $aPowers of Protection 606 $aBuddhism 615 0$aBuddhism. 676 $a294.3 700 $aHidas$b Gergely$0967935 801 0$bNjHacI 801 1$bNjHacl 906 $aBOOK 912 $a9910493736103321 996 $aPowers of Protection$92814662 997 $aUNINA